[Event "Mating Season op"]
[Site "Winnipeg CAN"]
[Date "2006.04.23"]
[Round "5"]
[White "Cleto, Sam"]
[Black "Rutter, Blair"]
[Result "1-0"]
[WhiteElo "1816"]
[BlackElo "1855"]
[PlyCount "65"]
[EventDate "2006.04.21"]
[EventType "swiss"]
[EventRounds "5"]
[EventCountry "CAN"]

1. Nf3 d5 2. d4 e6 3. Bf4 c5 4. e3 Nc6 5. Be2 Bd7 6. O-O Qb6 7. Qd2 Qxb2 8. Nc3
cxd4 9. Nb5 dxe3 10. fxe3 Bb4 11. Qd3 Kf8 12. Kh1 Nge7 13. Rab1 Qf6 14. Be5 Qg6
15. e4 Qxe4 16. Qd1 Nxe5 17. Nxe5 Qxe5 18. Rxb4 g6 19. Re4 Qxe4 20. Rxf7+ Kg8
21. Rxe7 Bxb5 22. Bxb5 Kf8 23. Rxb7 Rg8 24. Bd3 Qf4 25. Rxh7 Rd8 26. Qe1 Rg7
27. Rh4 Qg5 28. Rh8+ Ke7 29. Qb4+ Rd6 30. h4 Qe5 31. Qb8 Qe1+ 32. Kh2 Rd7 33.
Qf8# 1-0

[Event "Mating Season op"]
[Site "Winnipeg CAN"]
[Date "2006.04.23"]
[Round "5"]
[White "Einarsson, Ken"]
[Black "Tang, Edward"]
[Result "1-0"]
[WhiteElo "1600"]
[BlackElo "1995"]
[PlyCount "36"]
[EventDate "2006.04.21"]
[EventType "swiss"]
[EventRounds "5"]
[EventCountry "CAN"]

1. d4 d5 2. c4 e6 3. Nc3 Nf6 4. Bg5 Be7 5. e3 O-O 6. Nf3 Ne4 7. Bxe7 Qxe7 8.
cxd5 Nxc3 9. bxc3 exd5 10. Be2 Rd8 11. O-O c5 12. c4 dxc4 13. Bxc4 Bg4 14. h3
Bxf3 15. Qxf3 cxd4 16. exd4 Rxd4 17. Rfe1 Qd7 18. Qxb7 a6 1-0

[Event "Mating Season op"]
[Site "Winnipeg CAN"]
[Date "2006.04.23"]
[Round "5"]
[White "Gannon, Keith"]
[Black "Wasserman, Leor"]
[Result "1/2-1/2"]
[WhiteElo "1532"]
[BlackElo "1337"]
[PlyCount "102"]
[EventDate "2006.04.21"]
[EventType "swiss"]
[EventRounds "5"]
[EventCountry "CAN"]

1. e4 e5 2. Nf3 Nc6 3. Bc4 Nf6 4. Ng5 d5 5. exd5 Na5 6. Bb5+ c6 7. dxc6 Nxc6 8.
Qe2 Qd5 9. Bxc6+ bxc6 10. Nf3 Bd6 11. Nc3 Qe6 12. O-O O-O 13. d3 Bb7 14. Re1
Rfe8 15. Bg5 Nd5 16. Bd2 Rad8 17. a3 f6 18. Nxd5 cxd5 19. Nd4 Qc8 20. Nb5 Qxc2
21. Nxd6 Rxd6 22. b4 Ba6 23. Be3 Qxe2 24. Rxe2 d4 25. Bd2 Bxd3 26. Ree1 Rc8 27.
Rec1 Rdc6 28. g3 Rc2 29. Rxc2 Rxc2 30. Be1 Be4 31. b5 d3 32. Rd1 Bf5 33. f3 e4
34. fxe4 Bxe4 35. Rd2 Kf7 36. Kf2 Ke6 37. Ke3 Kd5 38. a4 f5 39. Bf2 Kc4 40.
Rxc2+ dxc2 41. Kd2 Kb4 42. Bxa7 Kxa4 43. Bd4 g6 44. b6 Kb4 45. Kc1 Kc4 46. Be5
Kd3 47. Bf4 Ke2 48. h4 h5 49. b7 Bxb7 50. Kxc2 Kf3 51. Kd3 Bc8 1/2-1/2

[Event "Mating Season op"]
[Site "Winnipeg CAN"]
[Date "2006.04.23"]
[Round "5"]
[White "Gibbons, Lorne"]
[Black "Wiebe, Daniel"]
[Result "0-1"]
[WhiteElo "1317"]
[BlackElo "1231"]
[PlyCount "75"]
[EventDate "2006.04.21"]
[EventType "swiss"]
[EventRounds "5"]
[EventCountry "CAN"]

1. d4 Nf6 2. c4 g6 3. Nc3 d6 4. Bf4 Bg7 5. Nf3 O-O 6. e3 Nbd7 7. Be2 b6 8. Qd2
Bb7 9. O-O-O Ne4 10. Nxe4 Bxe4 11. Rde1 c5 12. Ng5 Nf6 13. f3 Bb7 14. d5 Qd7
15. e4 Ba6 16. b3 b5 17. Qa5 Nh5 18. Bd2 Bb7 19. cxb5 Be5 20. g3 h6 21. Nh3
Qxh3 22. Bf1 Qd7 23. a4 Kh7 24. Bc3 e6 25. Bc4 exd5 26. exd5 Qf5 27. Ref1 Bxc3
28. Qxc3 Bxd5 29. g4 Qg5+ 30. Kb2 Bxc4 31. bxc4 Nf4 32. h4 Qe5 33. Qxe5 dxe5
34. Rd1 Rfd8 35. Rhf1 Rd4 36. Rxd4 exd4 37. Kc2 Re8 38. Rf2 0-1

[Event "Mating Season op"]
[Site "Winnipeg CAN"]
[Date "2006.04.23"]
[Round "5"]
[White "Repa, Jason"]
[Black "Prince, Colin"]
[Result "1/2-1/2"]
[WhiteElo "1933"]
[BlackElo "1876"]
[PlyCount "32"]
[EventDate "2006.04.21"]
[EventType "swiss"]
[EventRounds "5"]
[EventCountry "CAN"]

1. e4 e5 2. Nf3 Nc6 3. Bb5 a6 4. Ba4 Nf6 5. O-O Be7 6. Re1 b5 7. Bb3 O-O 8. c3
d5 9. exd5 Nxd5 10. Nxe5 Nxe5 11. Rxe5 Nf6 12. d4 Bd6 13. Re1 Ng4 14. g3 Nxh2
15. Kxh2 Qh4+ 16. Kg2 Qh3+ 1/2-1/2

[Event "Mauricie op"]
[Site "Trois-Rivieres CAN"]
[Date "2006.03.17"]
[Round "1"]
[White "Angers, Gilles"]
[Black "Pepin, Christian"]
[Result "1-0"]
[WhiteElo "1934"]
[BlackElo "2058"]
[PlyCount "67"]
[EventDate "2006.03.17"]
[EventType "swiss"]
[EventRounds "5"]
[EventCountry "CAN"]

1. e4 c6 2. d4 d5 3. exd5 cxd5 4. c4 Nf6 5. Nc3 g6 6. Nf3 Bg7 7. cxd5 O-O 8.
Bc4 Nbd7 9. d6 exd6 10. O-O Nb6 11. Bb3 Re8 12. Bf4 Bf5 13. Rc1 Rc8 14. Nb5
Rxc1 15. Qxc1 Bf8 16. Bg5 Bd3 17. Nc7 Re4 18. Re1 Be7 19. Rxe4 Bxe4 20. Nb5 a6
21. Nc3 Bxf3 22. gxf3 Nh5 23. Bxe7 Qxe7 24. Qe3 Qd8 25. f4 Ng7 26. Qf3 Qd7 27.
Ne4 Qe7 28. Ng5 Nf5 29. Bxf7+ Kg7 30. Qb3 Nxd4 31. Qxb6 Ne2+ 32. Kf1 Nxf4 33.
Qd4+ Qf6 34. Qxf4 1-0

[Event "Mauricie op"]
[Site "Trois-Rivieres CAN"]
[Date "2006.03.17"]
[Round "1"]
[White "Arsenault, Nicolas"]
[Black "Beaudoin, Stephane"]
[Result "0-1"]
[WhiteElo "2034"]
[BlackElo "1906"]
[PlyCount "54"]
[EventDate "2006.03.17"]
[EventType "swiss"]
[EventRounds "5"]
[EventCountry "CAN"]

1. e4 g6 2. d4 Bg7 3. f4 d6 4. Nc3 Nf6 5. Nf3 O-O 6. Bd3 Na6 7. O-O c5 8. d5
Rb8 9. a3 b5 10. Re1 c4 11. Bf1 Ng4 12. Qe2 Qb6+ 13. Be3 Nxe3 14. Qxe3 Bg4 15.
Kh1 Qxe3 16. Rxe3 b4 17. Nd1 bxa3 18. Raxa3 Nb4 19. Rxa7 Nxc2 20. Re2 Nd4 21.
Re3 Nxf3 22. gxf3 Bd4 23. Raa3 Bxe3 24. Rxe3 Bd7 25. Bxc4 Rfc8 26. b3 Rxc4 27.
bxc4 Rb1 0-1

[Event "Mauricie op"]
[Site "Trois-Rivieres CAN"]
[Date "2006.03.17"]
[Round "1"]
[White "Benoit-Deschamps, Jean-Marc"]
[Black "Chabot, Roland"]
[Result "0-1"]
[WhiteElo "2112"]
[BlackElo "2271"]
[PlyCount "99"]
[EventDate "2006.03.17"]
[EventType "swiss"]
[EventRounds "5"]
[EventCountry "CAN"]

1. d4 f5 2. Nc3 Nf6 3. Bg5 d5 4. Bxf6 exf6 5. e3 Be6 6. Bd3 Nc6 7. Qf3 Qd7 8.
a3 O-O-O 9. b4 g6 10. h3 h5 11. Nge2 Be7 12. Bb5 Kb8 13. Nf4 Bf7 14. Nd3 Qe6
15. Kd2 Ka8 16. Rhb1 Nb8 17. Nc5 Qc8 18. Qe2 c6 19. Bd3 Rhe8 20. Rb2 f4 21.
Rab1 fxe3+ 22. fxe3 f5 23. b5 b6 24. N3a4 Bg5 25. bxc6 Rxe3 26. Qxe3 Bxe3+ 27.
Kxe3 Re8+ 28. Kd2 Qc7 29. Nxb6+ axb6 30. Rxb6 Nxc6 31. Ra6+ Na7 32. Rb4 Re7 33.
Rba4 Qf4+ 34. Kc3 Be8 35. Rb4 Qg3 36. Rab6 Nc6 37. Rb1 Qf4 38. Nb3 Rc7 39. Ra6+
Ra7 40. Rb6 Qc7 41. Nc5 Rxa3+ 42. Kd2 Qf4+ 43. Kd1 Qg3 44. Kd2 Qf4+ 45. Kd1 h4
46. Ke2 g5 47. Rb7 Nxd4+ 48. Kd1 Bh5+ 49. Ke1 Nxc2+ 50. Bxc2 0-1

[Event "Mauricie op"]
[Site "Trois-Rivieres CAN"]
[Date "2006.03.17"]
[Round "1"]
[White "Cloutier, Mario"]
[Black "Wilkin, Alain"]
[Result "1/2-1/2"]
[WhiteElo "2042"]
[BlackElo "1964"]
[PlyCount "41"]
[EventDate "2006.03.17"]
[EventType "swiss"]
[EventRounds "5"]
[EventCountry "CAN"]

1. e4 c5 2. c3 Nf6 3. e5 Nd5 4. d4 cxd4 5. cxd4 e6 6. a3 d6 7. Nf3 Be7 8. Bd3
Nd7 9. O-O h6 10. Qe2 dxe5 11. Nxe5 Nxe5 12. dxe5 Bd7 13. Bd2 Bc6 14. b4 a6 15.
Ra2 Qb6 16. Rc2 Rd8 17. Kh1 g5 18. f4 gxf4 19. Bxf4 Nxf4 20. Rxf4 Bg5 21. Rfc4
1/2-1/2

[Event "Mauricie op"]
[Site "Trois-Rivieres CAN"]
[Date "2006.03.17"]
[Round "1"]
[White "Lemire-Paquin, Alexandre"]
[Black "Fortier, Marc-Andre"]
[Result "0-1"]
[WhiteElo "1986"]
[BlackElo "2076"]
[PlyCount "60"]
[EventDate "2006.03.17"]
[EventType "swiss"]
[EventRounds "5"]
[EventCountry "CAN"]

1. d4 g6 2. e4 Bg7 3. Nf3 d6 4. Bc4 Nf6 5. Qe2 O-O 6. O-O c6 7. e5 dxe5 8. dxe5
Nd5 9. h3 Qc7 10. Bb3 a5 11. c4 a4 12. Bd1 Nb6 13. Bf4 Be6 14. Nbd2 N8d7 15.
Rc1 Rfd8 16. Qe3 Ra5 17. Re1 Nc5 18. Be2 Nbd7 19. Bf1 Qb6 20. Qc3 Na6 21. Ng5
Nf8 22. Ndf3 c5 23. a3 Nb8 24. Nxe6 Nxe6 25. Bg3 Nc6 26. Bd3 Raa8 27. Be4 Ned4
28. Bd5 e6 29. Bxc6 Qxc6 30. Rcd1 Ne2+ 0-1

[Event "Mauricie op"]
[Site "Trois-Rivieres CAN"]
[Date "2006.03.17"]
[Round "1"]
[White "Picard, Jean"]
[Black "Masse, Hugues"]
[Result "0-1"]
[WhiteElo "2118"]
[BlackElo "2277"]
[PlyCount "63"]
[EventDate "2006.03.17"]
[EventType "swiss"]
[EventRounds "5"]
[EventCountry "CAN"]

1. e4 d5 2. exd5 Qxd5 3. Nc3 Qa5 4. Nf3 Nf6 5. Bc4 Bf5 6. O-O e6 7. d3 c6 8.
Re1 Nbd7 9. Nd4 Bg4 10. f3 Bc5 11. Be3 Bh5 12. Bxe6 fxe6 13. Nxe6 Bxe3+ 14.
Rxe3 Kf7 15. b4 Qb6 16. Ng5+ Kg6 17. Qd2 Kxg5 18. Na4 Qc7 19. Nc5 Kg6 20. g4
Nxc5 21. gxh5+ Nxh5 22. Rae1 Nd7 23. Qg2+ Kf7 24. Re7+ Kf8 25. Qg5 Qb6+ 26. Kh1
Ndf6 27. Rxg7 Re8 28. Rg1 Qd4 29. Qh6 Qf4 30. Qxf4 Nxf4 31. Rxb7 Rg8 32. Rxg8+
0-1

[Event "Mauricie op"]
[Site "Trois-Rivieres CAN"]
[Date "2006.03.17"]
[Round "1"]
[White "Poirier, Erik"]
[Black "Forget, David"]
[Result "0-1"]
[WhiteElo "2059"]
[BlackElo "1969"]
[PlyCount "65"]
[EventDate "2006.03.17"]
[EventType "swiss"]
[EventRounds "5"]
[EventCountry "CAN"]

1. d4 d5 2. c4 c6 3. Nf3 dxc4 4. a4 e6 5. e4 b5 6. axb5 cxb5 7. b3 Bb4+ 8. Bd2
Bxd2+ 9. Nbxd2 Bb7 10. bxc4 bxc4 11. Bxc4 Ne7 12. O-O O-O 13. Qe2 Nd7 14. Ba6
Bxa6 15. Rxa6 Nb8 16. Ra3 Nbc6 17. Qe3 Qd7 18. Nc4 Rfb8 19. Rd1 Rb4 20. Nce5
Nxe5 21. Nxe5 Qd6 22. Nf3 Nc6 23. h3 a5 24. Rad3 Ne7 25. Rc1 Rab8 26. Rdc3 Rb1
27. g3 R8b2 28. Rxb1 Rxb1+ 29. Kg2 h6 30. Ne5 f6 31. Nc4 Qb4 32. Qd2 a4 33. Rc2
0-1

[Event "Mauricie op"]
[Site "Trois-Rivieres CAN"]
[Date "2006.03.17"]
[Round "1"]
[White "Rivest, Jean-Michel"]
[Black "Szalay, Karoly"]
[Result "1/2-1/2"]
[WhiteElo "1987"]
[BlackElo "1758"]
[PlyCount "68"]
[EventDate "2006.03.17"]
[EventType "swiss"]
[EventRounds "5"]
[EventCountry "CAN"]

1. e4 c5 2. Nf3 d6 3. d4 cxd4 4. Nxd4 Nf6 5. Nc3 a6 6. Bg5 e6 7. f4 Nbd7 8. Qf3
Qc7 9. O-O-O b5 10. g4 Bb7 11. Bxf6 Nxf6 12. g5 b4 13. Ncb5 axb5 14. gxf6 gxf6
15. Bxb5+ Kd8 16. Kb1 Qa5 17. Qb3 Bxe4 18. Bc6 Bxh1 19. Bxh1 Rc8 20. Nc6+ Rxc6
21. Bxc6 Qc5 22. Qa4 Kc7 23. Be8 Rg8 24. Qd7+ Kb6 25. Bxf7 Rg1 26. Qd8+ Kb7 27.
Qd7+ Ka6 28. Bh5 Rxd1+ 29. Bxd1 Bh6 30. Be2+ Kb6 31. Qd8+ Ka7 32. Qe7+ Kb6 33.
Qd8+ Ka7 34. Qe7+ Kb6 1/2-1/2

[Event "Mauricie op"]
[Site "Trois-Rivieres CAN"]
[Date "2006.03.17"]
[Round "1"]
[White "Rodriguez, Aaron"]
[Black "Auger, Bertrand"]
[Result "0-1"]
[WhiteElo "1925"]
[BlackElo "2032"]
[PlyCount "82"]
[EventDate "2006.03.17"]
[EventType "swiss"]
[EventRounds "5"]
[EventCountry "CAN"]

1. e4 e6 2. d4 d5 3. Nc3 Bb4 4. e5 Ne7 5. a3 Bxc3+ 6. bxc3 c5 7. Nf3 Qa5 8. Bd2
Nbc6 9. c4 Qc7 10. cxd5 exd5 11. c3 Bf5 12. Be2 O-O 13. O-O Ng6 14. Re1 f6 15.
exf6 Rxf6 16. Bg5 Rff8 17. dxc5 Be4 18. c4 Nf4 19. cxd5 Nxe2+ 20. Rxe2 Bxf3 21.
gxf3 Ne5 22. Re3 Rf5 23. f4 Nc4 24. Re7 Rxg5+ 25. fxg5 Qxe7 26. Qd4 Qxg5+ 27.
Kh1 Qe5 28. Qxe5 Nxe5 29. Rd1 Kf7 30. f4 Nd7 31. c6 bxc6 32. dxc6 Nb6 33. Kg2
Rc8 34. Rc1 Ke6 35. Kf3 Kd5 36. c7 Kd6 37. Ke4 Rxc7 38. Rd1+ Ke7 39. Rg1 Ke6
40. Rd1 Rc4+ 41. Kf3 Rc3+ 0-1

[Event "Mauricie op"]
[Site "Trois-Rivieres CAN"]
[Date "2006.03.17"]
[Round "1"]
[White "Voloaca, Mihnea"]
[Black "Zafirov, Stephane"]
[Result "0-1"]
[WhiteElo "2272"]
[BlackElo "2112"]
[PlyCount "102"]
[EventDate "2006.03.17"]
[EventType "swiss"]
[EventRounds "5"]
[EventCountry "CAN"]

1. Nf3 d5 2. c4 d4 3. b4 a5 4. Bb2 e5 5. Nxe5 axb4 6. g3 Nf6 7. Bg2 c5 8. O-O
Bd6 9. Nf3 O-O 10. a3 Nc6 11. d3 Re8 12. axb4 Rxa1 13. Bxa1 Nxb4 14. Na3 Bd7
15. Bb2 Bc6 16. Re1 Ng4 17. Qd2 Qf6 18. h3 Ne5 19. Nxe5 Bxe5 20. f4 Bxg2 21.
fxe5 Qc6 22. Kh2 Rxe5 23. h4 Rf5 24. e4 Rf1 25. Kxg2 Rxe1 26. Qxe1 Nxd3 27. Qe2
Nxb2 28. Qxb2 Qxe4+ 29. Kh2 d3 30. Qd2 h6 31. Kg1 Qf3 32. Kh2 Qf1 33. h5 b6 34.
g4 Qf3 35. Nb1 Qxg4 36. Qxd3 Qxh5+ 37. Kg3 Qe5+ 38. Kf3 g5 39. Nc3 h5 40. Ne4
g4+ 41. Kg2 h4 42. Kf1 Qf4+ 43. Kg2 Kg7 44. Qc3+ Kg6 45. Qd3 f5 46. Nf2 h3+ 47.
Kh1 b5 48. Qe2 Qxc4 49. Qe7 Qf7 50. Qxc5 Kg5 51. Qe5 Qb7+ 0-1

[Event "Mauricie op"]
[Site "Trois-Rivieres CAN"]
[Date "2006.03.17"]
[Round "1"]
[White "Ye, Ling Feng"]
[Black "Xiong, Jerry"]
[Result "1/2-1/2"]
[WhiteElo "2019"]
[BlackElo "1880"]
[PlyCount "59"]
[EventDate "2006.03.17"]
[EventType "swiss"]
[EventRounds "5"]
[EventCountry "CAN"]

1. e4 c5 2. Nc3 d6 3. Nf3 g6 4. d4 cxd4 5. Nxd4 Nf6 6. Be3 Bg7 7. f3 O-O 8. Qd2
Nc6 9. O-O-O Nxd4 10. Bxd4 Be6 11. Kb1 Qc7 12. h4 h5 13. Be2 Rfc8 14. Rdg1 Qa5
15. a3 b5 16. g4 b4 17. Nd1 Qa4 18. b3 Qxa3 19. gxh5 Nxe4 20. fxe4 Bxd4 21.
Qxd4 Bxb3 22. Qb2 Bxc2+ 23. Qxc2 Rxc2 24. Kxc2 b3+ 25. Kd2 Qb4+ 26. Ke3 b2 27.
Nf2 Qc5+ 28. Kf3 Qxh5+ 29. Ke3 Qc5+ 30. Kf3 1/2-1/2

[Event "Mauricie op"]
[Site "Trois-Rivieres CAN"]
[Date "2006.03.18"]
[Round "2"]
[White "Campbell, Martin-Alexandre"]
[Black "Benoit-Deschamps, Jean-Marc"]
[Result "0-1"]
[WhiteElo "1763"]
[BlackElo "2112"]
[PlyCount "54"]
[EventDate "2006.03.17"]
[EventType "swiss"]
[EventRounds "5"]
[EventCountry "CAN"]

1. e4 c5 2. Nf3 d6 3. d4 cxd4 4. Nxd4 Nf6 5. Nc3 g6 6. Be3 Bg7 7. f3 Nc6 8. Qd2
O-O 9. O-O-O Nxd4 10. Bxd4 Be6 11. g4 Qa5 12. h4 Rfc8 13. h5 Bxa2 14. hxg6 hxg6
15. g5 Nh5 16. Bxg7 Kxg7 17. Bh3 Be6 18. Qd4+ Kg8 19. Nd5 Bxh3 20. Rxh3 e5 21.
Ne7+ Kg7 22. Qf2 Rh8 23. Qh2 Qa1+ 24. Kd2 Qxb2 25. Nf5+ gxf5 26. Rxh5 Rxh5 27.
Qxh5 Rh8 0-1

[Event "Mauricie op"]
[Site "Trois-Rivieres CAN"]
[Date "2006.03.18"]
[Round "2"]
[White "Chabot, Roland"]
[Black "Robichaud, Louis"]
[Result "1-0"]
[WhiteElo "2271"]
[BlackElo "2090"]
[PlyCount "53"]
[EventDate "2006.03.17"]
[EventType "swiss"]
[EventRounds "5"]
[EventCountry "CAN"]

1. d4 Nf6 2. c4 g6 3. Nc3 Bg7 4. e4 d6 5. Nf3 O-O 6. Be2 e5 7. O-O Nc6 8. d5
Ne7 9. Ne1 Nd7 10. Be3 f5 11. f3 f4 12. Bf2 g5 13. g4 a5 14. Nd3 h5 15. c5 Nf6
16. Qb3 Ng6 17. cxd6 cxd6 18. Bb6 Qe7 19. Nb5 Ne8 20. Nf2 Nh8 21. Rac1 Nf7 22.
Rc3 Qf6 23. Rfc1 Bd7 24. Nc7 Nxc7 25. Rxc7 Bc8 26. R1c3 Nh6 27. Qc2 1-0

[Event "Mauricie op"]
[Site "Trois-Rivieres CAN"]
[Date "2006.03.18"]
[Round "2"]
[White "Forget, David"]
[Black "Bachand-Fleurent, Julien"]
[Result "0-1"]
[WhiteElo "1969"]
[BlackElo "2174"]
[PlyCount "124"]
[EventDate "2006.03.17"]
[EventType "swiss"]
[EventRounds "5"]
[EventCountry "CAN"]

1. d4 d5 2. c4 c6 3. Nf3 e6 4. cxd5 cxd5 5. Nc3 Nf6 6. Bg5 Qb6 7. Qb3 Qxb3 8.
axb3 Bb4 9. e3 Ne4 10. Rc1 Nc6 11. Bb5 Bd7 12. Bxc6 Bxc6 13. O-O Bxc3 14. bxc3
f6 15. Bf4 g5 16. Bg3 g4 17. Nh4 Nd2 18. Rfd1 Nxb3 19. Rb1 Na5 20. f3 gxf3 21.
Nxf3 Nc4 22. Nd2 Nxe3 23. Re1 Nf5 24. Rxe6+ Kf7 25. Rbe1 Nxg3 26. Re7+ Kg6 27.
hxg3 Rhe8 28. Nf3 Rxe7 29. Rxe7 Re8 30. Nh4+ Kh6 31. Rf7 a5 32. Rxf6+ Kg5 33.
Rf1 Re2 34. Nf3+ Kh5 35. Ne5 Rc2 36. Rf5+ Kh6 37. Nxc6 bxc6 38. Rf6+ Kg5 39.
Rxc6 Kf5 40. Rc5 Ke4 41. Rxa5 Rxc3 42. Ra7 Rxg3 43. Rxh7 Kxd4 44. Kf2 Rg5 45.
Ke1 Rxg2 46. Kd1 Rg3 47. Rh2 Rd3+ 48. Kc2 Rg3 49. Kd2 Kc4 50. Rh4+ d4 51. Rh2
Ra3 52. Rh4 Ra2+ 53. Kd1 Kc3 54. Rh8 Ra1+ 55. Ke2 d3+ 56. Ke3 Re1+ 57. Kf2 Kd2
58. Rd8 Re7 59. Kf3 Rf7+ 60. Ke4 Ke2 61. Kd4 d2 62. Re8+ Kf2 0-1

[Event "Mauricie op"]
[Site "Trois-Rivieres CAN"]
[Date "2006.03.18"]
[Round "2"]
[White "Hajiyev, Elshad"]
[Black "Hebert, Marc"]
[Result "1-0"]
[WhiteElo "2099"]
[BlackElo "1666"]
[PlyCount "39"]
[EventDate "2006.03.17"]
[EventType "swiss"]
[EventRounds "5"]
[EventCountry "CAN"]

1. d4 d5 2. Nf3 Nf6 3. Bg5 Ne4 4. Bf4 e6 5. e3 Nd7 6. Bd3 Ndf6 7. Ne5 Be7 8.
Nd2 O-O 9. g4 Nxd2 10. Qxd2 c5 11. c3 cxd4 12. exd4 Ne4 13. Bxe4 dxe4 14. g5
Qa5 15. h4 f6 16. gxf6 Bxf6 17. Rg1 Qd8 18. O-O-O Bd7 19. Bh6 Qe7 20. Rxg7+ 1-0

[Event "Mauricie op"]
[Site "Trois-Rivieres CAN"]
[Date "2006.03.18"]
[Round "2"]
[White "Laptos, Kris"]
[Black "Angers, Gilles"]
[Result "1-0"]
[WhiteElo "2259"]
[BlackElo "1934"]
[PlyCount "115"]
[EventDate "2006.03.17"]
[EventType "swiss"]
[EventRounds "5"]
[EventCountry "CAN"]

1. e4 e6 2. d4 d5 3. e5 c5 4. c3 Nc6 5. Nf3 Qb6 6. a3 Nh6 7. b4 cxd4 8. cxd4
Nf5 9. Be3 f6 10. exf6 gxf6 11. Bd3 Nxe3 12. fxe3 Bh6 13. b5 Ne7 14. Qe2 O-O
15. Nh4 f5 16. O-O Bd7 17. Nc3 Qd8 18. Rf3 Be8 19. Rh3 Bg7 20. g4 Ng6 21. Ng2
Rc8 22. gxf5 exf5 23. Na4 Ne7 24. Rf1 b6 25. Nf4 Qd6 26. Qb2 Bg6 27. Nc3 Rf6
28. Bb1 Bf7 29. Ba2 Rd8 30. Rg3 Kh8 31. Rh3 Kg8 32. Kh1 Rh6 33. Rg3 Kh8 34. Bb1
Bf6 35. Na2 Qd7 36. a4 Rg8 37. Rxg8+ Bxg8 38. Nb4 Ng6 39. Nbd3 Nxf4 40. Rxf4
Be6 41. Rf2 Rh3 42. Qe2 Bg5 43. Nf4 Bxf4 44. exf4 Qd6 45. Kg2 Rh4 46. h3 Rh6
47. Qe5+ Qxe5 48. dxe5 Rg6+ 49. Kh2 Rg8 50. Rc2 Rc8 51. Rxc8+ Bxc8 52. Kg1 Kg7
53. Kf2 Kf7 54. Ke3 Ke6 55. Kd4 Bb7 56. Bd3 Bc8 57. Be2 Bd7 58. Bf3 1-0

[Event "Mauricie op"]
[Site "Trois-Rivieres CAN"]
[Date "2006.03.18"]
[Round "2"]
[White "Mai, Lloyd"]
[Black "Libersan, Thierry"]
[Result "0-1"]
[WhiteElo "2023"]
[BlackElo "2206"]
[PlyCount "78"]
[EventDate "2006.03.17"]
[EventType "swiss"]
[EventRounds "5"]
[EventCountry "CAN"]

1. e4 c5 2. Nf3 e6 3. d3 Nc6 4. g3 d6 5. Bg2 Nge7 6. O-O g6 7. c3 Bg7 8. Re1
O-O 9. Nbd2 Rb8 10. a4 a6 11. Nf1 b5 12. axb5 axb5 13. h4 b4 14. c4 f5 15. exf5
Nxf5 16. Ng5 Ncd4 17. h5 Bb7 18. Bxb7 Rxb7 19. Nxe6 Nxe6 20. Rxe6 Nd4 21. Re4
Rbf7 22. f4 g5 23. Qg4 Kh8 24. Rb1 Be5 25. Kh1 gxf4 26. gxf4 Rg7 27. Qh3 Bf6
28. Be3 Rfg8 29. Bf2 Qa8 30. Rbe1 Re7 31. Kh2 Rxe4 32. Rxe4 Qa2 33. Bxd4 Bxd4
34. Re2 Bg1+ 35. Kh1 Qa8+ 36. Re4 Bd4 37. Kh2 Bg1+ 38. Kh1 Bd4 39. Kh2 Bxb2 0-1

[Event "Mauricie op"]
[Site "Trois-Rivieres CAN"]
[Date "2006.03.18"]
[Round "2"]
[White "Masse, Hugues"]
[Black "Le Duin, Thierry"]
[Result "1/2-1/2"]
[WhiteElo "2277"]
[BlackElo "2122"]
[PlyCount "34"]
[EventDate "2006.03.17"]
[EventType "swiss"]
[EventRounds "5"]
[EventCountry "CAN"]

1. d4 Nf6 2. c4 c5 3. d5 b5 4. cxb5 a6 5. b6 Qxb6 6. Nc3 d6 7. a4 g6 8. a5 Qc7
9. e4 Bg7 10. Bc4 O-O 11. f4 Bd7 12. Qd3 Bb5 13. Bxb5 axb5 14. Nxb5 Qb7 15. Nc3
Qc7 16. Nb5 Qb7 17. Nc3 Qc7 1/2-1/2

[Event "Mauricie op"]
[Site "Trois-Rivieres CAN"]
[Date "2006.03.18"]
[Round "2"]
[White "Poirier, Erik"]
[Black "Chevalier, Francois"]
[Result "1-0"]
[WhiteElo "2059"]
[BlackElo "1766"]
[PlyCount "59"]
[EventDate "2006.03.17"]
[EventType "swiss"]
[EventRounds "5"]
[EventCountry "CAN"]

1. d4 e6 2. e4 d5 3. e5 c5 4. c3 Qb6 5. Nf3 Bd7 6. Bd3 cxd4 7. cxd4 Bb5 8. O-O
Bxd3 9. Qxd3 Qa6 10. Qd1 Nc6 11. Nc3 Nge7 12. Be3 Qb6 13. Na4 Qc7 14. Rc1 b6
15. b4 Qd7 16. a3 h6 17. Nc3 Nf5 18. h3 Nxe3 19. fxe3 Be7 20. Nh2 O-O 21. Qh5
Bg5 22. Ng4 Kh7 23. h4 Bd8 24. Rf3 f5 25. exf6 Bxf6 26. Rcf1 Be7 27. Nxh6 Rxf3
28. Rxf3 Bf6 29. Ng4+ Kg8 30. Rxf6 1-0

[Event "Mauricie op"]
[Site "Trois-Rivieres CAN"]
[Date "2006.03.18"]
[Round "2"]
[White "Prahov, Valentin"]
[Black "Larochelle, Martial"]
[Result "1-0"]
[WhiteElo "2144"]
[BlackElo "2130"]
[PlyCount "59"]
[EventDate "2006.03.17"]
[EventType "swiss"]
[EventRounds "5"]
[EventCountry "CAN"]

1. e4 c5 2. Nf3 d6 3. d4 cxd4 4. Nxd4 Nf6 5. Nc3 a6 6. Be2 e5 7. Nb3 Be7 8. Be3
Be6 9. Nd5 Nbd7 10. f3 Nxd5 11. exd5 Bf5 12. O-O Rc8 13. c4 O-O 14. Qd2 Nc5 15.
Na5 Qd7 16. b4 Na4 17. Rac1 Bd8 18. Nb3 Bb6 19. c5 dxc5 20. bxc5 Ba7 21. Rfd1
Rfd8 22. Kh1 e4 23. Qb4 exf3 24. Bxf3 Nb2 25. c6 Nxd1 26. cxd7 Rxc1 27. Nxc1
Bxe3 28. Qe7 Nf2+ 29. Kg1 Bb6 30. Qe8+ 1-0

[Event "Mauricie op"]
[Site "Trois-Rivieres CAN"]
[Date "2006.03.18"]
[Round "2"]
[White "Rivest, Jean-Michel"]
[Black "Trottier, Yves"]
[Result "1/2-1/2"]
[WhiteElo "1987"]
[BlackElo "2055"]
[PlyCount "31"]
[EventDate "2006.03.17"]
[EventType "swiss"]
[EventRounds "5"]
[EventCountry "CAN"]

1. e4 e5 2. Nf3 Nf6 3. Nxe5 d6 4. Nf3 Nxe4 5. d4 d5 6. Bd3 Nc6 7. O-O Be7 8. c4
Bg4 9. cxd5 Qxd5 10. Re1 Bxf3 11. Qxf3 Nf6 12. Qg3 Qxd4 13. Nc3 Qg4 14. Qxc7
Qc8 15. Qg3 Qg4 16. Qc7 1/2-1/2

[Event "Mauricie op"]
[Site "Trois-Rivieres CAN"]
[Date "2006.03.18"]
[Round "2"]
[White "Robichaud, Louis"]
[Black "Laptos, Kris"]
[Result "1-0"]
[WhiteElo "2090"]
[BlackElo "2259"]
[PlyCount "73"]
[EventDate "2006.03.17"]
[EventType "swiss"]
[EventRounds "5"]
[EventCountry "CAN"]

1. e4 c6 2. d3 d5 3. Nd2 e5 4. Ngf3 Bd6 5. g3 Ne7 6. Bg2 O-O 7. O-O f5 8. Qe2
fxe4 9. dxe4 Ng6 10. c4 d4 11. Ne1 Be6 12. Nd3 Nd7 13. b3 a5 14. a4 Qe7 15. Nf3
h6 16. Bd2 Bg4 17. h3 Be6 18. Nh2 Nc5 19. Nxc5 Bxc5 20. Qd3 Qd7 21. f4 Bxh3 22.
f5 Bxg2 23. Kxg2 Nh8 24. Nf3 Rfe8 25. f6 g5 26. Nh2 Nf7 27. Qf3 Nd6 28. Ng4 Nf7
29. Rh1 Bf8 30. Raf1 b5 31. Nf2 Nd6 32. c5 Nf7 33. Qh5 Nh8 34. Ng4 Qf7 35.
Nxh6+ Bxh6 36. Qxh6 Ng6 37. Rh5 1-0

[Event "Mauricie op"]
[Site "Trois-Rivieres CAN"]
[Date "2006.03.18"]
[Round "2"]
[White "Wilkin, Alain"]
[Black "Ye, Ling Feng"]
[Result "0-1"]
[WhiteElo "1964"]
[BlackElo "2019"]
[PlyCount "74"]
[EventDate "2006.03.17"]
[EventType "swiss"]
[EventRounds "5"]
[EventCountry "CAN"]

1. Nf3 Nf6 2. g3 g6 3. Bg2 Bg7 4. O-O O-O 5. d3 d6 6. e4 c5 7. Nbd2 Nc6 8. a4
a6 9. Nc4 Be6 10. Ng5 Bxc4 11. dxc4 h6 12. Nh3 Nd7 13. Rb1 Qa5 14. b3 Rab8 15.
Nf4 b5 16. Bd2 Qd8 17. axb5 axb5 18. cxb5 Rxb5 19. Nd5 Rb8 20. Kh1 Nd4 21. c3
Nb5 22. Qc1 Kh7 23. f4 e6 24. Ne3 f5 25. exf5 exf5 26. Nc4 Nf6 27. Ne3 Re8 28.
c4 Nd4 29. b4 Ne4 30. Bxe4 Rxe4 31. b5 Qe8 32. Rf2 Rb7 33. Qa3 Rbe7 34. Nd5 Re2
35. Rxe2 Rxe2 36. Qd3 Rxd2 37. Qxd2 Qe4+ 0-1